00506nam a2200193 a 4500001001300000003000900013005001700022008004100039020001000080082001600090100002700106245003600133260004500169300000900214500003500223505001000258650001700268700002700285nice12345678IN_TiNIC20260116012229.0050524s1975 dela grp 000 0 eng  ac7.500a294.68bTAL aTalib, Gurbachan Singh aSelections from the Holy Granth aDelhi bVikas Pub House Pvt. Ltd. c1975 a209p aincludes index and biblioraphy2 aIndex aGranth Sahib1 aTalib, Gurbachan Singh